| 000 | 00436nam a2200169Ia 4500 | ||
|---|---|---|---|
| 008 | 180921t2018 xxu||||| |||| 00| 1 sin d | ||
| 041 | _asin | ||
| 080 |
_aX8C31 _bFER |
||
| 100 | _aFernando, Sachenya | ||
| 245 | _aහීනයක් දෝ ආදරේ | ||
| 246 | _aHeenayak Do Adare | ||
| 260 |
_bBatahira Ahasa _aJa- ela _c2018 |
||
| 300 | _a371p., 21cm | ||
| 942 | _cBK | ||
| 999 |
_c7650 _d7650 |
||
| 003 | LK-CoDNM | ||
| 040 |
_aLK-CoDNM _dLK-CoDNM _eLK-CoDNM |
||